00765nam a2200229Ia 4500003000400000005001700004008004100021040001700062082002100079100002100100245008800121246003300209250001200242260002500254300003100279500003400310650002800344700001800372942000900390952012100399999001500520IIN20250325130303.0250325s9999 xx adc 001 0 eng d aIINbEnglish a611 bCHA1 aSontakke, Yogesh1 aWorkbook of Human Anatomy (Vol.1)bUpper Limb ThoraxcYogesh Sontakke; BD Chaurasia aBD Chaurasia's Human Anatomy a10th ed bCBSaNew Delhic2025 avi, 77 p. / V.1bcol. ill. aVol. 1: Upper Limb and Thorax1 aAnatomy xHuman Anatomy aChaurasia, BD cBOOK 00102ddc4051708PURSaIINbIINcGENd2025-03-11l0o611 CHAp1809r2025-03-25 12:48:48w2025-03-25yBOOK c1697d1697